000 01162nam a2200301 a 4500
001 ebr10441934
003 CaPaEBR
006 m u
007 cr cn|||||||||
008 110215s2010 enk sbd 000 0 eng d
020 _z9780335238811 (pbk.)
020 _z0335238815 (pbk.)
020 _z9780335238835 (e-book)
040 _aCaPaEBR
_cCaPaEBR
035 _a(OCoLC)702347360
050 1 4 _aHV12
_b.P54 2010eb
100 1 _aPierson, John.
245 1 0 _aDictionary of social work
_h[electronic resource] /
_cJohn Pierson and Martin Thomas.
260 _aBerkshire, England :
_bMcGraw-Hill :
_bOpen University Press,
_c2010.
300 _a580 p.
504 _aIncludes bibliographical references.
533 _aElectronic reproduction.
_bPalo Alto, Calif. :
_cebrary,
_d2011.
_nAvailable via World Wide Web.
_nAccess may be limited to ebrary affiliated libraries.
650 0 _aSocial service
_vDictionaries.
655 7 _aElectronic books.
_2local
700 1 _aThomas, Martin.
710 2 _aebrary, Inc.
856 4 0 _uhttp://site.ebrary.com/lib/rucke/Doc?id=10441934
_zAn electronic book accessible through the World Wide Web; click to view
999 _c245872
_d245872